Najpopularniejsze piosenki Maty - Statystyki

Ogólne statystyki
  • Ten quiz został rozwiązany 325 razy
  • Średni wynik to 5 z 10
Statystyki odpowiedzi
Hint Odpowiedź % Poprawnych
62 mln Patointeligencja
85%
75 mln Patoreakcja
85%
77 mln Kiss cam
78%
68 mln Schodki
73%
40 mln Szafir
70%
57 mln Papuga
48%
20 mln Prawy do lewego
28%
24 mln MATA MONTANA
24%
23 mln żółte flamastry i grube katechetki
14%
29 mln la la la oh oh
6%
Nie znaleziono quizów pasujących do podanych kryteriów
Rozkład punktacji
Procent ludzi z każdym wynikiem
Percentyl według liczby udzielonych odpowiedzi
Twoja historia wyników
Nie rozwiązałeś tego quizu